Process Instrumentation /

में बचाया:
ग्रंथसूची विवरण
मुख्य लेखक: Garg, Ashish (autor)
स्वरूप: पुस्तक
भाषा:अंग्रेज़ी
प्रकाशित: Chandigarh, India : White Falcon, 2021, c2021
श्रृंखला:(Instrumentation Engineer's Handbook ; 1)
विषय:
टैग: टैग जोड़ें
कोई टैग नहीं, इस रिकॉर्ड को टैग करने वाले पहले व्यक्ति बनें!

MARC

LEADER 00000nam^a2200000^a^4500
001 000450238
005 20250521000000.0
009 20260310123743.717
020 |a 978-1-63640-247-5 
037 |a Acervo ITESO - Biblioteca 
041 |a ING 
082 |a 681. 2  |b GAR 
100 |a Garg, Ashish  |e (autor) 
245 1 0 |a Process Instrumentation /  |c A. Garg. 
264 4 |a Chandigarh, India :  |b White Falcon,  |c 2021, c2021 
300 |a 257 p. 
336 |a texto  |b txt  |2 rdacontenido 
337 |a sin mediación  |b n  |2 rdamedio 
338 |a volumen  |b nc  |2 rdasoporte 
440 1 |a (Instrumentation Engineer's Handbook ;  |v 1) 
521 |a 2023 BO Licenciatura en Ingeniería Electrónica 
521 |a 2024 BO Licenciatura en Ingeniería en Mecatrónica 
649 |a XX 
650 |a Sensores -  |x Tema Principal 
650 |a Presión -  |x Medición 
650 |a Instrumentos de Medición de Temperatura 
650 |a Medidores de Gas 
650 |a Medidores de Flujo 
650 |a Instrumentos de Medición -  |x Tema Principal 
650 |a Ingeniería de Procesos 
650 |a Ingeniería Industrial 
650 |a Ingeniería -  |x Equipo y Aparatos 
910 |a Fondo General 
920 |a Impresos - Libros 
930 |a Colección General 
905 |a 101 
901 |a 0500368765  |b IT1  |c ACC  |i C179778  |u 20250521 
901 |a 0500407107  |b IT1  |c ACC  |i C185613  |u 20250521 
902 |a https://opac.biblio.iteso.mx/vufind/Record/000450238